| 000 | 00499nam a2200205Ia 4500 | ||
|---|---|---|---|
| 003 | 0100 | ||
| 008 | 130303s9999 xx 000 0 und d | ||
| 020 | _a0908307616 | ||
| 040 | _cARRUPELIB | ||
| 050 | _aSB319.3.Z55S53 1997 | ||
| 100 | _aJackson, John Ellwood | ||
| 245 | _aSmallholder horticulture in Zimbabwe | ||
| 260 | _aHarare | ||
| 260 | _bUniversity of Zimbabwe | ||
| 260 | _C1997 | ||
| 300 | _axvi | ||
| 300 | _b 207p. 23cm. | ||
| 650 | _bZimbabwe - History | ||
| 942 |
_2lcc _01 |
||
| 999 |
_c60178 _d60178 |
||